(Meg)Emlékezések sodrában. Erkel Ma

Elmentve itt :
Bibliográfiai részletek
Szerző: TERÉNYI Ede
Adatforrás:Meister
Forrásdokumentuma:Helikon. -
25 sz., 1993, 23 p.
Nyelv:magyar
Kulcsszavak:művelődéstörténet
zenetörténet
ERKEL Ferenc
KATONA József
LEADER 00422nab a2200157 i 4500
001 bibPRO00002518
008 060524s1993 xx hun
040 |a Sz1 
041 |a hun 
100 1 |a TERÉNYI Ede 
245 1 1 |a (Meg)Emlékezések sodrában. Erkel Ma  |c TERÉNYI Ede 
695 |a művelődéstörténet 
695 |a zenetörténet 
695 |a ERKEL Ferenc 
695 |a KATONA József 
773 0 |t Helikon. -  |g 25 sz., 1993, 23 p.